Počítače a jejich použití v elektro-energetice

Guardado en:
Detalles Bibliográficos
Autor principal: Ibler, Zbyněk
Formato: Libro
Lenguaje:checo
Publicado: Praha Státní nakladatelství technické literatury 1987
Etiquetas: Agregar Etiqueta
Sin Etiquetas, Sea el primero en etiquetar este registro!

MARC

LEADER 00000nam a2200000 4500
001 c024076
005 20250930080002.6
041 0 |a cze 
044 |a CZ 
245 1 0 |a Počítače a jejich použití v elektro-energetice  |c Zbyněk Ibler a kol. 
264 1 |a Praha  |b Státní nakladatelství technické literatury  |c 1987 
300 |a 205 s. 
100 1 |a Ibler, Zbyněk